00761nam a2200193 a 450000100100000000500170001000800410002704000250006808200140009310000270010724500740013426000490020830000210025750000340027804900090031295201120032195201170043399900170055000001629620200929164346.0100303s1974 dr 000 0 spa d aDO-SdBNPbspacBNPHU axxxbM5391 aMendoza, Hugo R.9639010aManual para internos y residentes en pedriatría /cHugo R. Mendoza. aSanto Domingo :bMédico Dominicano,c1974. a239 p. ;c18 cm. aIncluye índice alfabético aBNPD 0010718PDaPDbPDcCTd2010-03-03iLF1l0oxxx M539p16296-10r2020-06-25w2020-06-25yLFPDZNo se presta 0010718PDaPDbPDcCTd2010-03-03iLF1l0oxxx M539p16296-20r2020-06-25te.2w2020-06-25yLFPDZNo se presta c15831d15831